00489nam a22001697a 450000500170000001000150001702000260003203500140005803700130007208200150008510000160010024500600011625000090017626000450018527000670023030000220029720210809114510.0 aENG-129686 c495.00a9780199489633 aEN-113218 bDBAD/PUB a345.540773 aJha, Aparna aDemons & Demigods:bDeath Penalty in India/cAparna Jha a2019 aNew DelhibOxford University Pressc2018 a2/11 Ground floor, Ansari Road, Darya ganj,bNew Delhie110002 a190 p.c20cm(hbk)